00267nam a2200097Ia 4500008004100000082001800041100001900059245004500078260003700123300000900160210430s9999 xx 000 0 und d a549.13 P426 M aDexter Perkins aMinerals In Thin SectioncDexter Perkins aIndia bDorling Kindersleyc2007 a163p